Mathematical handbook for scientists and engineers: definitions, theorems, and formulas for reference and review (Record no. 67500)

MARC details
000 -LEADER
fixed length control field 01044nam a2200301Ia 4500
003 - CONTROL NUMBER IDENTIFIER
control field OSt
005 - DATE AND TIME OF LATEST TRANSACTION
control field 20220912151408.0
008 - FIXED-LENGTH DATA ELEMENTS--GENERAL INFORMATION
fixed length control field 220909b |||||||| |||| 00| 0 eng d
020 ## - INTERNATIONAL STANDARD BOOK NUMBER
International Standard Book Number 0486411478 (pbk)
037 ## - SOURCE OF ACQUISITION
Terms of availability Textbook
040 ## - CATALOGING SOURCE
Original cataloging agency CSL
Language of cataloging eng
Transcribing agency CSL
041 ## - LANGUAGE CODE
Language code of text/sound track or separate title eng
100 ## - MAIN ENTRY--PERSONAL NAME
Personal name Korn Granino A
245 #0 - TITLE STATEMENT
Title Mathematical handbook for scientists and engineers: definitions, theorems, and formulas for reference and review
260 ## - PUBLICATION, DISTRIBUTION, ETC.
Place of publication, distribution, etc. Mineola Dover Publications, Inc. New York
Date of publication, distribution, etc. 1968
300 ## - PHYSICAL DESCRIPTION
Extent ix, 1130p
500 ## - GENERAL NOTE
General note Includes bibliographical references; Appendix A-F, 881-1089p; Glossary 1090-1096p; Index 1097-1130p
650 ## - SUBJECT ADDED ENTRY--TOPICAL TERM
Topical term or geographic name entry element Natural Science
650 ## - SUBJECT ADDED ENTRY--TOPICAL TERM
Topical term or geographic name entry element Mathematics
700 ## - ADDED ENTRY--PERSONAL NAME
Personal name Korn Theresa M
942 ## - ADDED ENTRY ELEMENTS (KOHA)
Classification part B0aA, K1;K8 TB
Koha item type Textbook
Source of classification or shelving scheme Colon Classification (CC)
Holdings
Withdrawn status Lost status Damaged status Not for loan Home library Current library Date acquired Source of acquisition Total Checkouts Full call number Barcode Date last seen Price effective from Koha item type
        Central Science Library Central Science Library 2022-09-12 29301, 07/06/2004, Worldwide Book Traders   B0aA K1;K8 TB SL1290276 2022-09-12 2022-09-12 Textbook
Copyright @ Delhi University Library System